[Event "EYCC 2024 - O08"]
[Site "?"]
[Date "2024.08.22"]
[Round "1.1"]
[White "Protopopescu, Luca"]
[Black "Pera, Mikolaj"]
[Result "1-0"]
[BlackElo "1515"]
[WhiteElo "1849"]
[LiveChessVersion "1.4.8"]

1. c4 {[%clk 1:30:59]} c5 {[%clk 1:30:46]} 2. Nc3 {[%clk 1:31:13]} Nf6
{[%clk 1:31:00]} 3. Nf3 {[%clk 1:31:27]} b6 {[%clk 1:30:57]} 4. d4
{[%clk 1:31:43]} cxd4 {[%clk 1:31:08]} 5. Nxd4 {[%clk 1:32:04]} Bb7
{[%clk 1:31:04]} 6. Bg5 {[%clk 1:32:24]} e6 {[%clk 1:30:55]} 7. Ndb5
{[%clk 1:31:52]} d6 {[%clk 1:28:54]} 8. e4 {[%clk 1:30:40]} a6 {[%clk 1:26:59]}
9. Bxf6 {[%clk 1:31:02]} gxf6 {[%clk 1:27:05]} 10. Nd4 {[%clk 1:31:20]} Nd7
{[%clk 1:24:54]} 11. Qh5 {[%clk 1:31:06]} Qe7 {[%clk 1:22:46]} 12. O-O-O
{[%clk 1:30:57]} O-O-O {[%clk 1:21:31]} 13. f4 {[%clk 1:28:30]} Nc5
{[%clk 1:17:37]} 14. Bd3 {[%clk 1:27:41]} Nxd3+ {[%clk 1:17:04]} 15. Rxd3
{[%clk 1:28:05]} Bg7 {[%clk 1:15:44]} 16. Rhd1 {[%clk 1:27:54]} Kb8
{[%clk 1:14:35]} 17. Kb1 {[%clk 1:27:44]} h6 {[%clk 1:11:59]} 18. Re1
{[%clk 1:25:49]} Rc8 {[%clk 1:10:30]} 19. b3 {[%clk 1:26:05]} Rc5
{[%clk 1:09:56]} 20. Qg4 {[%clk 1:26:17]} Rg8 {[%clk 1:08:01]} 21. Na4
{[%clk 1:26:27]} Rcc8 {[%clk 1:07:57]} 22. Nxb6 {[%clk 1:26:33]} Rcd8
{[%clk 1:07:21]} 23. Qh5 {[%clk 1:25:42]} Ka7 {[%clk 1:05:11]} 24. Na4
{[%clk 1:25:38]} Rc8 {[%clk 1:02:24]} 25. Qa5 {[%clk 1:25:57]} Qc7
{[%clk 1:01:35]} 26. Nb5+ {[%clk 1:26:19]} Kb8 {[%clk 1:00:53]} 27. Nxc7
{[%clk 1:26:40]} Rxc7 {[%clk 1:01:09]} 28. Rxd6 {[%clk 1:27:03]} Rgc8
{[%clk 1:01:12]} 29. Nb6 {[%clk 1:27:22]} Re8 {[%clk 1:01:19]} 30. Nd7+
{[%clk 1:27:44]} Kc8 {[%clk 1:01:37]} 31. Red1 {[%clk 1:28:02]} Bxe4+
{[%clk 1:01:38]} 32. Kc1 {[%clk 1:28:25]} f5 {[%clk 1:00:29]} 33. Qxa6+
{[%clk 1:28:19]} Bb7 {[%clk 1:00:32]} 34. Nb6+ {[%clk 1:28:08]} Kb8
{[%clk 1:00:30]} 35. Rd8+ {[%clk 1:28:30]} Rxd8 {[%clk 1:00:37]} 36. Rxd8+
{[%clk 1:28:53]} Rc8 {[%clk 1:00:52]} 37. Nd7+ {[%clk 1:29:17]} Kc7
{[%clk 1:00:54]} 38. Qb6# {[%clk 1:29:43]} 1-0

[Event "EYCC 2024 - O08"]
[Site "?"]
[Date "2024.08.22"]
[Round "1.2"]
[White "Ari, Yigitcan"]
[Black "Badescu, Matei-Andrei"]
[Result "0-1"]
[BlackElo "1791"]
[WhiteElo "1499"]
[LiveChessVersion "1.4.8"]

1. e4 {[%clk 1:30:57]} c5 {[%clk 1:30:49]} 2. c3 {[%clk 1:31:20]} Nf6
{[%clk 1:31:00]} 3. e5 {[%clk 1:31:45]} Nd5 {[%clk 1:31:24]} 4. d4
{[%clk 1:32:08]} cxd4 {[%clk 1:31:39]} 5. Nf3 {[%clk 1:32:30]} Nc6
{[%clk 1:32:01]} 6. cxd4 {[%clk 1:32:52]} d6 {[%clk 1:32:21]} 7. Bc4
{[%clk 1:31:56]} dxe5 {[%clk 1:32:37]} 8. Nxe5 {[%clk 1:31:02]} e6
{[%clk 1:29:32]} 9. Nxc6 {[%clk 1:29:28]} bxc6 {[%clk 1:29:51]} 10. O-O
{[%clk 1:28:32]} Be7 {[%clk 1:29:45]} 11. Nc3 {[%clk 1:27:31]} O-O
{[%clk 1:30:00]} 12. Be3 {[%clk 1:25:10]} a5 {[%clk 1:28:19]} 13. a3
{[%clk 1:22:40]} Ba6 {[%clk 1:28:21]} 14. Bxa6 {[%clk 1:21:53]} Rxa6
{[%clk 1:28:48]} 15. Qd2 {[%clk 1:21:42]} a4 {[%clk 1:26:30]} 16. Qd3
{[%clk 1:19:59]} Qa8 {[%clk 1:26:33]} 17. Rfc1 {[%clk 1:16:01]} Rb8
{[%clk 1:26:24]} 18. Qc2 {[%clk 1:15:29]} Nxe3 {[%clk 1:24:31]} 19. fxe3
{[%clk 1:15:48]} c5 {[%clk 1:24:48]} 20. dxc5 {[%clk 1:13:01]} Bxc5
{[%clk 1:24:24]} 21. Nd1 {[%clk 1:13:17]} Bf8 {[%clk 1:24:11]} 22. Kh1
{[%clk 1:11:55]} Qb7 {[%clk 1:22:34]} 23. Qf2 {[%clk 1:10:02]} Ra5
{[%clk 1:22:06]} 24. Rab1 {[%clk 1:02:54]} Rf5 {[%clk 1:21:15]} 25. Qe2
{[%clk 1:03:20]} Qb3 {[%clk 1:18:10]} 26. Nc3 {[%clk 1:01:27]} h6
{[%clk 1:18:01]} 27. Qc2 {[%clk 0:59:36]} Rf1+ {[%clk 1:18:16]} 28. Rxf1
{[%clk 0:59:34]} Qxc2 {[%clk 1:18:38]} 0-1

[Event "EYCC 2024 - O08"]
[Site "?"]
[Date "2024.08.22"]
[Round "1.3"]
[White "Veladzic, Isak"]
[Black "Glod, Peter"]
[Result "1-0"]
[BlackElo "1496"]
[WhiteElo "1788"]
[LiveChessVersion "1.4.8"]

1. d4 {[%clk 1:30:57]} d5 {[%clk 1:30:42]} 2. c4 {[%clk 1:30:49]} e6
{[%clk 1:30:14]} 3. Nc3 {[%clk 1:30:17]} Nf6 {[%clk 1:28:59]} 4. cxd5
{[%clk 1:28:49]} exd5 {[%clk 1:27:30]} 5. Bf4 {[%clk 1:26:16]} Bf5
{[%clk 1:24:12]} 6. Nf3 {[%clk 1:24:39]} Be7 {[%clk 1:23:16]} 7. e3
{[%clk 1:22:47]} O-O {[%clk 1:18:00]} 8. Bd3 {[%clk 1:19:52]} Bg4
{[%clk 1:13:22]} 9. O-O {[%clk 1:17:49]} Nc6 {[%clk 1:12:59]} 10. h3
{[%clk 1:14:32]} Bh5 {[%clk 1:10:00]} 11. Be2 {[%clk 1:13:59]} Re8
{[%clk 1:05:26]} 12. Ne5 {[%clk 1:10:25]} Bxe2 {[%clk 1:05:04]} 13. Qxe2
{[%clk 1:07:47]} a6 {[%clk 1:04:31]} 14. Nxc6 bxc6 {[%clk 1:04:23]} 15. Rfc1
{[%clk 1:02:39]} Rb8 {[%clk 0:59:58]} 16. Na4 {[%clk 0:59:49]} Qd7
{[%clk 0:59:48]} 17. Nc5 {[%clk 0:58:36]} Bxc5 {[%clk 0:59:19]} 18. Rxc5
{[%clk 0:58:48]} Rb6 {[%clk 0:56:58]} 19. Rac1 {[%clk 0:56:29]} Reb8
{[%clk 0:56:32]} 20. b3 {[%clk 0:56:10]} Ne4 {[%clk 0:55:32]} 21. R5c2
{[%clk 0:51:32]} Nd6 {[%clk 0:51:38]} 22. Qg4 {[%clk 0:49:54]} f5
{[%clk 0:50:37]} 23. Qe2 {[%clk 0:48:23]} Kh8 {[%clk 0:50:04]} 24. f3
{[%clk 0:45:19]} Qe8 {[%clk 0:47:25]} 25. Rc5 {[%clk 0:44:23]} Qd7
{[%clk 0:47:13]} 26. Ra5 {[%clk 0:43:19]} Qc8 {[%clk 0:46:37]} 27. Qc2
{[%clk 0:41:55]} Qd7 {[%clk 0:45:39]} 28. Rc5 {[%clk 0:41:22]} Qe8
{[%clk 0:41:59]} 29. Rxc6 {[%clk 0:41:11]} Qxc6 {[%clk 0:41:51]} 30. Qxc6
{[%clk 0:41:32]} Rxc6 {[%clk 0:42:05]} 31. Rxc6 {[%clk 0:41:53]} Rc8
{[%clk 0:42:13]} 32. Bxd6 {[%clk 0:42:13]} Kg8 {[%clk 0:42:14]} 33. Rxc7
{[%clk 0:42:21]} Rxc7 34. Bxc7 {[%clk 0:42:41]} Kf7 {[%clk 0:42:30]} 35. Kf2
{[%clk 0:42:58]} Ke6 {[%clk 0:42:25]} 36. g4 {[%clk 0:43:10]} g6 {[%clk 0:42:15]}
37. gxf5+ {[%clk 0:43:28]} gxf5 {[%clk 0:42:05]} 38. Kg3 {[%clk 0:43:49]} h6
{[%clk 0:41:46]} 39. Kf4 {[%clk 0:43:55]} Kf6 {[%clk 0:38:51]} 40. e4
{[%clk 0:44:08]} fxe4 {[%clk 0:39:02]} 41. fxe4 {[%clk 0:44:28]} dxe4
{[%clk 0:39:07]} 42. Kxe4 {[%clk 0:44:49]} Ke6 {[%clk 0:39:17]} 43. d5+
{[%clk 0:45:09]} Kd7 {[%clk 0:39:44]} 44. d6 {[%clk 0:45:22]} h5 {[%clk 0:40:07]}
45. Kf5 {[%clk 0:45:35]} a5 {[%clk 0:40:22]} 46. Kg5 {[%clk 0:45:55]} Kc8
{[%clk 0:40:15]} 47. Kxh5 {[%clk 0:46:00]} Kd7 {[%clk 0:40:15]} 48. Kg6
{[%clk 0:46:19]} Ke6 {[%clk 0:40:19]} 49. h4 {[%clk 0:46:42]} Kd7
{[%clk 0:39:55]} 50. h5 {[%clk 0:46:54]} Kc8 {[%clk 0:40:16]} 51. h6
{[%clk 0:47:18]} Kd7 {[%clk 0:40:18]} 52. h7 {[%clk 0:47:37]} Kc8
{[%clk 0:39:40]} 53. h8=Q+ {[%clk 0:47:56]} Kd7 {[%clk 0:40:01]} 54. Qd8+
{[%clk 0:48:13]} Kc6 {[%clk 0:40:22]} 55. d7 {[%clk 0:48:32]} Kc5
{[%clk 0:40:36]} 56. Qe7+ {[%clk 0:48:52]} Kc6 {[%clk 0:40:41]} 57. d8=Q Kb7 58.
Bxa5+ {[%clk 0:48:31]} Ka6 {[%clk 0:40:51]} 59. Qb6# {[%clk 0:48:48]} 1-0

[Event "EYCC 2024 - O08"]
[Site "?"]
[Date "2024.08.22"]
[Round "1.4"]
[White "Von Gehlen, Elian"]
[Black "Demchenko, Timofei"]
[Result "0-1"]
[BlackElo "1769"]
[WhiteElo "1494"]
[LiveChessVersion "1.4.8"]

1. e4 {[%clk 1:30:58]} e6 {[%clk 1:30:55]} 2. b3 {[%clk 1:31:22]} d5
{[%clk 1:31:17]} 3. Bb2 {[%clk 1:31:43]} c5 {[%clk 1:31:01]} 4. Bb5+
{[%clk 1:31:59]} Nc6 {[%clk 1:31:01]} 5. Nc3 {[%clk 1:31:37]} Nge7
{[%clk 1:28:49]} 6. Nf3 {[%clk 1:31:31]} a6 {[%clk 1:28:01]} 7. Bxc6+
{[%clk 1:31:28]} Nxc6 {[%clk 1:28:14]} 8. d3 {[%clk 1:31:46]} b5 {[%clk 1:24:45]}
9. Qd2 {[%clk 1:30:37]} Be7 {[%clk 1:19:00]} 10. O-O-O {[%clk 1:28:58]} Bb7
{[%clk 1:15:48]} 11. Rde1 {[%clk 1:28:41]} Qd7 {[%clk 1:10:27]} 12. exd5
{[%clk 1:26:57]} exd5 {[%clk 1:10:20]} 13. Qg5 {[%clk 1:26:14]} O-O-O 14. Qxg7
{[%clk 1:25:07]} Qf5 {[%clk 0:50:10]} 15. Qh6 {[%clk 1:23:58]} Rhg8
{[%clk 0:40:00]} 16. Qd2 {[%clk 1:21:58]} Rxg2 {[%clk 0:37:36]} 17. Qe2
{[%clk 1:15:00]} Re8 {[%clk 0:33:09]} 18. Kb1 {[%clk 1:14:06]} Reg8
{[%clk 0:24:08]} 19. Nd1 {[%clk 1:13:39]} d4 {[%clk 0:18:11]} 20. c3
{[%clk 1:13:45]} Bf6 {[%clk 0:15:12]} 21. cxd4 {[%clk 1:13:43]} cxd4
{[%clk 0:14:21]} 22. Rhg1 {[%clk 1:13:27]} Rxg1 {[%clk 0:12:17]} 23. Rxg1
{[%clk 1:13:36]} Rxg1 {[%clk 0:11:34]} 24. Nxg1 {[%clk 1:11:31]} Nb4
{[%clk 0:11:30]} 25. Qe8+ {[%clk 1:11:35]} Bd8 {[%clk 0:11:47]} 26. Qe2
{[%clk 1:10:33]} Nxd3 {[%clk 0:10:00]} 27. Qc2+ {[%clk 1:10:30]} Kb8
{[%clk 0:07:30]} 28. Bxd4 {[%clk 1:10:29]} Be4 {[%clk 0:06:50]} 29. Ne3
{[%clk 1:10:23]} Qg6 {[%clk 0:05:39]} 30. Ka1 {[%clk 1:09:44]} Qxg1+
{[%clk 0:05:55]} 31. Qb1 {[%clk 1:09:41]} Qxf2 {[%clk 0:04:30]} 32. Nc2
{[%clk 1:09:08]} Bf6 {[%clk 0:04:00]} 33. Bb2 {[%clk 1:08:05]} Bxb2+
{[%clk 0:04:21]} 34. Qxb2 {[%clk 1:08:26]} Nxb2 {[%clk 0:04:43]} 35. Kxb2
{[%clk 1:08:48]} Qxc2+ {[%clk 0:05:04]} 36. Ka3 a5 {[%clk 0:05:30]} 37. h3
{[%clk 1:08:28]} Qc1# 0-1

[Event "EYCC 2024 - O08"]
[Site "?"]
[Date "2024.08.22"]
[Round "1.5"]
[White "Arsenijevic, Matija"]
[Black "Almeida, Tomas Ccm"]
[Result "1-0"]
[BlackElo "1477"]
[WhiteElo "1760"]
[LiveChessVersion "1.4.8"]

1. d4 {[%clk 1:30:59]} d5 {[%clk 1:30:55]} 2. c4 e6 3. Nc3 {[%clk 1:31:03]} Nf6
{[%clk 1:31:16]} 4. cxd5 {[%clk 1:31:27]} exd5 {[%clk 1:31:36]} 5. Bf4
{[%clk 1:31:38]} Be7 {[%clk 1:31:44]} 6. e3 {[%clk 1:31:56]} O-O {[%clk 1:32:04]}
7. Bd3 {[%clk 1:32:15]} Bg4 {[%clk 1:32:15]} 8. Qc2 {[%clk 1:31:28]} Nbd7
{[%clk 1:32:29]} 9. h3 {[%clk 1:30:39]} Be6 {[%clk 1:32:26]} 10. Nf3
{[%clk 1:30:33]} c5 11. dxc5 {[%clk 1:30:11]} Nxc5 {[%clk 1:32:51]} 12. O-O
{[%clk 1:29:51]} Nxd3 {[%clk 1:32:47]} 13. Qxd3 {[%clk 1:30:10]} Nh5
{[%clk 1:32:46]} 14. Bh2 {[%clk 1:30:04]} a6 {[%clk 1:32:09]} 15. a4
{[%clk 1:29:33]} Bd6 {[%clk 1:32:20]} 16. Bxd6 {[%clk 1:29:26]} Qxd6
{[%clk 1:32:47]} 17. Nd4 {[%clk 1:29:08]} Rac8 {[%clk 1:32:45]} 18. Rac1
{[%clk 1:28:29]} Qb4 {[%clk 1:32:31]} 19. Rc2 {[%clk 1:27:41]} Rfd8
{[%clk 1:32:40]} 20. Rfc1 {[%clk 1:26:38]} Rc7 {[%clk 1:32:24]} 21. Na2
{[%clk 1:26:15]} Rxc2 {[%clk 1:32:50]} 22. Nxb4 {[%clk 1:26:24]} Rxc1+
{[%clk 1:33:09]} 23. Kh2 {[%clk 1:26:28]} Rc4 {[%clk 1:33:11]} 24. Ndc2
{[%clk 1:24:53]} g6 {[%clk 1:32:40]} 25. g4 {[%clk 1:24:19]} Nf6 {[%clk 1:31:55]}
26. b3 {[%clk 1:23:46]} Rc7 {[%clk 1:32:04]} 27. Qd4 {[%clk 1:20:17]} Ne4
{[%clk 1:30:54]} 28. f3 {[%clk 1:19:37]} Ng5 {[%clk 1:30:53]} 29. Qf6
{[%clk 1:19:37]} Rdc8 {[%clk 1:30:26]} 30. Qxg5 {[%clk 1:19:48]} Rxc2+
{[%clk 1:26:33]} 31. Nxc2 {[%clk 1:20:09]} Rxc2+ {[%clk 1:27:01]} 32. Kg3
{[%clk 1:20:17]} Rc3 {[%clk 1:27:16]} 33. Qd8+ {[%clk 1:20:15]} Kg7
{[%clk 1:27:29]} 34. Qb6 {[%clk 1:20:32]} d4 {[%clk 1:27:46]} 35. Qxd4+
{[%clk 1:20:49]} Kg8 {[%clk 1:28:04]} 36. Qxc3 {[%clk 1:21:09]} h6
{[%clk 1:28:21]} 37. b4 {[%clk 1:21:00]} Bd7 {[%clk 1:28:36]} 38. Qb3
{[%clk 1:21:08]} Kg7 {[%clk 1:28:53]} 39. b5 {[%clk 1:21:28]} axb5
{[%clk 1:29:15]} 40. axb5 {[%clk 1:21:49]} Kg8 {[%clk 1:29:30]} 41. Qd5
{[%clk 1:22:04]} Be6 {[%clk 1:29:39]} 42. Qxb7 {[%clk 1:22:20]} Kg7
{[%clk 1:29:51]} 43. Qe7 {[%clk 1:22:35]} Bc4 {[%clk 1:30:04]} 44. b6
{[%clk 1:22:52]} Bd5 {[%clk 1:30:26]} 45. Qe5+ {[%clk 1:23:11]} f6
{[%clk 1:30:53]} 46. Qxd5 {[%clk 1:23:32]} g5 {[%clk 1:31:00]} 47. b7
{[%clk 1:23:53]} f5 {[%clk 1:26:30]} 48. b8=R {[%clk 1:23:53]} f4+
{[%clk 1:23:25]} 49. Kg2 {[%clk 1:24:07]} h5 {[%clk 1:23:14]} 50. Qe6
{[%clk 1:24:18]} Kh7 {[%clk 1:23:02]} 51. Rb7+ {[%clk 1:24:45]} Kh8
{[%clk 1:23:13]} 52. Qe8# {[%clk 1:25:08]} 1-0

[Event "EYCC 2024 - O08"]
[Site "?"]
[Date "2024.08.22"]
[Round "1.6"]
[White "Contala, Noel"]
[Black "Predarski, Stefan"]
[Result "0-1"]
[BlackElo "1734"]
[WhiteElo "1476"]
[LiveChessVersion "1.4.8"]

1. e4 {[%clk 1:30:59]} c6 {[%clk 1:30:52]} 2. Bc4 {[%clk 1:31:13]} d5
{[%clk 1:30:56]} 3. Bb3 {[%clk 1:31:04]} d4 {[%clk 1:29:48]} 4. d3
{[%clk 1:26:16]} Nf6 {[%clk 1:29:12]} 5. Nf3 {[%clk 1:25:52]} Bg4
{[%clk 1:27:03]} 6. O-O {[%clk 1:19:38]} Nbd7 {[%clk 1:25:05]} 7. h3
{[%clk 1:17:52]} Bxf3 {[%clk 1:22:34]} 8. Qxf3 {[%clk 1:18:00]} e6
{[%clk 1:22:26]} 9. Bf4 {[%clk 1:15:31]} Be7 {[%clk 1:20:40]} 10. Nd2
{[%clk 1:12:29]} O-O {[%clk 1:20:05]} 11. Rfe1 {[%clk 1:07:34]} a5
{[%clk 1:18:38]} 12. a4 {[%clk 1:06:37]} b5 {[%clk 1:13:27]} 13. c3
{[%clk 1:00:06]} Nc5 {[%clk 1:08:40]} 14. Bc2 {[%clk 0:58:29]} dxc3
{[%clk 1:06:06]} 15. bxc3 {[%clk 0:58:23]} Qb6 {[%clk 1:03:56]} 16. d4
{[%clk 0:57:42]} Ncd7 {[%clk 0:56:40]} 17. Rab1 {[%clk 0:55:45]} b4
{[%clk 0:50:04]} 18. Qd3 {[%clk 0:48:36]} Ne8 {[%clk 0:38:46]} 19. Re3
{[%clk 0:39:25]} c5 {[%clk 0:35:51]} 20. d5 {[%clk 0:33:17]} e5 {[%clk 0:35:29]}
21. Bg3 {[%clk 0:31:28]} Nd6 {[%clk 0:30:12]} 22. c4 {[%clk 0:28:51]} Qa6
{[%clk 0:27:35]} 23. Bb3 {[%clk 0:28:10]} Bg5 {[%clk 0:27:17]} 24. Re2
{[%clk 0:27:21]} f6 {[%clk 0:27:13]} 25. Rc1 {[%clk 0:23:25]} Nb6
{[%clk 0:26:59]} 26. f3 {[%clk 0:22:13]} Qb7 {[%clk 0:26:15]} 27. Bf2
{[%clk 0:20:59]} Rac8 {[%clk 0:26:11]} 28. Qc2 {[%clk 0:19:33]} Qf7
{[%clk 0:26:06]} 29. Be3 {[%clk 0:17:12]} Bxe3+ {[%clk 0:26:00]} 30. Rxe3
{[%clk 0:17:21]} Qg6 {[%clk 0:26:18]} 31. Rce1 {[%clk 0:16:05]} Qg3
{[%clk 0:25:58]} 32. Nf1 {[%clk 0:15:40]} Qg5 {[%clk 0:26:10]} 33. Nd2
{[%clk 0:14:29]} f5 {[%clk 0:26:15]} 34. Kh1 {[%clk 0:13:27]} f4 {[%clk 0:25:49]}
35. R3e2 {[%clk 0:13:18]} Ne8 {[%clk 0:25:55]} 36. Nf1 {[%clk 0:13:00]} Nf6
{[%clk 0:25:48]} 37. Rd1 {[%clk 0:12:29]} Rcd8 {[%clk 0:25:36]} 38. Red2
{[%clk 0:10:42]} Rd6 {[%clk 0:25:44]} 39. Re2 Nh5 {[%clk 0:25:54]} 40. Rdd2
{[%clk 0:09:37]} Ng3+ {[%clk 0:26:12]} 41. Nxg3 {[%clk 0:10:00]} Qxg3
{[%clk 0:26:22]} 42. Qd1 {[%clk 0:09:36]} Rh6 {[%clk 0:26:29]} 43. Qe1
{[%clk 0:09:31]} Qg5 {[%clk 0:25:59]} 44. Qf1 {[%clk 0:09:44]} Rff6
{[%clk 0:26:10]} 45. Rc2 {[%clk 0:09:25]} Rh4 {[%clk 0:25:51]} 46. Rcd2
{[%clk 0:09:07]} Rfh6 {[%clk 0:26:07]} 47. Rc2 {[%clk 0:09:00]} Qg3
{[%clk 0:25:23]} 48. Rcd2 {[%clk 0:08:39]} Nd7 {[%clk 0:25:10]} 49. Rc2
{[%clk 0:08:19]} Qg5 {[%clk 0:25:04]} 50. Rcd2 {[%clk 0:08:22]} Nf6
{[%clk 0:25:02]} 51. Rc2 {[%clk 0:08:20]} Nh5 {[%clk 0:25:20]} 52. Qe1
{[%clk 0:06:23]} Ng3+ {[%clk 0:25:28]} 53. Kh2 {[%clk 0:06:31]} Nxe2
{[%clk 0:25:22]} 54. Rxe2 {[%clk 0:06:44]} Qh5 {[%clk 0:25:14]} 55. Qf1
{[%clk 0:06:47]} Qg5 {[%clk 0:24:55]} 56. Qe1 {[%clk 0:05:16]} Rg6
{[%clk 0:24:29]} 57. Rd2 {[%clk 0:04:47]} Qg3+ {[%clk 0:24:25]} 58. Qxg3
{[%clk 0:05:01]} fxg3+ {[%clk 0:24:45]} 59. Kg1 {[%clk 0:05:10]} Kf7
{[%clk 0:25:03]} 60. Kf1 {[%clk 0:04:40]} Rf6 {[%clk 0:25:22]} 61. Rd3
{[%clk 0:04:47]} Rxe4 {[%clk 0:25:35]} 62. Ba2 {[%clk 0:04:38]} Rd4
{[%clk 0:25:50]} 63. Re3 {[%clk 0:02:13]} e4 {[%clk 0:26:08]} 64. Bb3
{[%clk 0:02:10]} exf3 {[%clk 0:26:29]} 65. gxf3 {[%clk 0:02:36]} Rd2
{[%clk 0:26:18]} 66. h4 {[%clk 0:02:42]} Rb2 {[%clk 0:26:44]} 67. h5 Rf5
{[%clk 0:26:41]} 68. d6 {[%clk 0:03:29]} Rg5 {[%clk 0:26:38]} 69. Bd1
{[%clk 0:03:46]} g2+ {[%clk 0:26:15]} 70. Kg1 {[%clk 0:04:13]} Rd2
{[%clk 0:26:42]} 71. Re1 {[%clk 0:04:20]} Rxh5 {[%clk 0:27:00]} 72. Re7+
{[%clk 0:04:08]} Kf8 {[%clk 0:27:20]} 73. Re2 {[%clk 0:04:32]} Rh1+
{[%clk 0:27:36]} 74. Kxg2 {[%clk 0:04:47]} Rhxd1 {[%clk 0:28:04]} 75. Kf2
{[%clk 0:05:07]} Rxe2+ {[%clk 0:28:32]} 76. Kxe2 {[%clk 0:05:35]} Rxd6
{[%clk 0:29:00]} 77. Ke3 {[%clk 0:06:02]} b3 {[%clk 0:29:29]} 78. f4
{[%clk 0:06:29]} b2 {[%clk 0:29:58]} 79. f5 {[%clk 0:06:57]} b1=Q
{[%clk 0:30:23]} 80. Ke2 {[%clk 0:07:23]} Qe4+ {[%clk 0:30:52]} 81. Kf2
{[%clk 0:07:51]} Rd2+ {[%clk 0:31:20]} 82. Kf1 {[%clk 0:08:18]} Qb1#
{[%clk 0:31:47]} 0-1

[Event "EYCC 2024 - O08"]
[Site "?"]
[Date "2024.08.22"]
[Round "1.7"]
[White "Hu, Junyan"]
[Black "Siska, Samuel"]
[Result "1-0"]
[BlackElo "1469"]
[WhiteElo "1720"]
[LiveChessVersion "1.4.8"]

1. e4 {[%clk 1:30:56]} e6 {[%clk 1:30:43]} 2. d4 {[%clk 1:31:15]} d5
{[%clk 1:31:02]} 3. e5 {[%clk 1:31:25]} c5 {[%clk 1:31:17]} 4. c3
{[%clk 1:31:49]} Nc6 {[%clk 1:31:41]} 5. Nf3 {[%clk 1:32:12]} Qb6
{[%clk 1:31:59]} 6. a3 {[%clk 1:32:33]} Nh6 {[%clk 1:31:51]} 7. Bd3
{[%clk 1:32:39]} Bd7 {[%clk 1:31:54]} 8. Bc2 {[%clk 1:32:58]} cxd4
{[%clk 1:31:43]} 9. cxd4 {[%clk 1:33:16]} g6 {[%clk 1:31:07]} 10. Nc3
{[%clk 1:32:29]} a6 {[%clk 1:28:52]} 11. O-O {[%clk 1:30:18]} Bg7
{[%clk 1:28:49]} 12. b4 {[%clk 1:27:32]} Ne7 {[%clk 1:27:57]} 13. Na4
{[%clk 1:25:07]} Qc7 {[%clk 1:27:08]} 14. Bg5 {[%clk 1:23:43]} Nhf5
{[%clk 1:26:34]} 15. Rc1 {[%clk 1:22:32]} Bc6 {[%clk 1:24:45]} 16. h4
{[%clk 1:19:12]} h6 {[%clk 1:23:58]} 17. Bf4 {[%clk 1:19:07]} O-O
{[%clk 1:23:26]} 18. g4 {[%clk 1:19:19]} Nxh4 {[%clk 1:23:23]} 19. Nxh4
{[%clk 1:18:39]} g5 {[%clk 1:23:43]} 20. Qd3 {[%clk 1:18:23]} f5 {[%clk 1:21:53]}
21. exf6 {[%clk 1:18:11]} Qxf4 {[%clk 1:21:00]} 22. Qh7+ {[%clk 1:18:35]} Kf7
{[%clk 1:21:21]} 23. Qxg7+ {[%clk 1:18:59]} Ke8 {[%clk 1:21:45]} 24. Qxe7# 1-0

[Event "EYCC 2024 - O08"]
[Site "?"]
[Date "2024.08.22"]
[Round "1.8"]
[White "Solovev, Nikolai"]
[Black "Vo, Daniel"]
[Result "1-0"]
[BlackElo "1707"]
[WhiteElo "1463"]
[LiveChessVersion "1.4.8"]

1. c4 {[%clk 1:30:57]} e5 {[%clk 1:30:48]} 2. Nc3 {[%clk 1:31:11]} Nf6
{[%clk 1:31:08]} 3. g3 {[%clk 1:30:27]} d5 {[%clk 1:31:06]} 4. cxd5
{[%clk 1:29:20]} Nxd5 {[%clk 1:30:36]} 5. Bg2 {[%clk 1:26:46]} Be6
{[%clk 1:30:31]} 6. d3 Nc6 {[%clk 1:28:11]} 7. Qb3 {[%clk 1:23:48]} Nd4
{[%clk 1:20:46]} 8. Qd1 {[%clk 1:22:17]} Nb4 {[%clk 1:18:23]} 9. Rb1
{[%clk 1:21:50]} Nbc2+ {[%clk 1:16:23]} 10. Kf1 {[%clk 1:22:01]} Bb4
{[%clk 1:13:56]} 11. e3 {[%clk 1:21:42]} Bxc3 {[%clk 1:13:55]} 12. bxc3
{[%clk 1:21:28]} Bxa2 {[%clk 1:13:40]} 13. Rxb7 {[%clk 1:21:11]} Bd5
{[%clk 1:11:33]} 14. cxd4 {[%clk 1:20:11]} Bxg2+ {[%clk 1:11:20]} 15. Kxg2
{[%clk 1:20:21]} Qd5+ {[%clk 1:11:31]} 16. e4 {[%clk 1:19:25]} Qxb7
{[%clk 1:11:22]} 17. Qxc2 {[%clk 1:19:28]} exd4 {[%clk 1:11:26]} 18. Nf3
{[%clk 1:18:00]} O-O {[%clk 1:10:21]} 19. Nxd4 {[%clk 1:16:59]} Rad8
{[%clk 1:09:00]} 20. Bb2 {[%clk 1:16:22]} f5 {[%clk 1:08:40]} 21. Ne6
{[%clk 1:16:28]} fxe4 {[%clk 1:06:34]} 22. Nxd8 {[%clk 1:15:35]} Rxd8
{[%clk 1:06:35]} 23. dxe4 {[%clk 1:15:44]} Qb4 {[%clk 1:05:24]} 24. Bc1
{[%clk 1:10:53]} Rf8 {[%clk 1:05:00]} 25. Be3 {[%clk 1:10:40]} Qb7
{[%clk 1:00:18]} 26. Rb1 {[%clk 1:10:37]} Qa8 {[%clk 1:00:19]} 27. Ra1
{[%clk 1:08:58]} Qe8 {[%clk 0:59:24]} 28. Rxa7 {[%clk 1:08:15]} Qh5
{[%clk 0:59:13]} 29. f4 {[%clk 1:07:55]} Qg4 {[%clk 0:55:14]} 30. Bc5
{[%clk 1:07:00]} Rd8 {[%clk 0:52:18]} 31. Be7 {[%clk 1:06:27]} Re8
{[%clk 0:52:29]} 32. Qc4+ {[%clk 1:05:39]} Kh8 {[%clk 0:52:06]} 33. Rxc7
{[%clk 1:02:12]} Qd1 {[%clk 0:48:55]} 34. Qf7 {[%clk 0:59:53]} Rg8
{[%clk 0:46:12]} 35. Bf6 {[%clk 0:59:36]} Qg4 {[%clk 0:46:15]} 36. e5
{[%clk 0:58:57]} h5 {[%clk 0:45:04]} 37. Bxg7+ {[%clk 0:57:48]} Rxg7
{[%clk 0:44:50]} 38. Qf8+ {[%clk 0:57:40]} Kh7 {[%clk 0:45:15]} 39. Rxg7+
{[%clk 0:57:40]} Qxg7 {[%clk 0:45:42]} 40. Qxg7+ {[%clk 0:57:59]} Kxg7
{[%clk 0:46:02]} 41. Kh3 {[%clk 0:58:22]} Kh6 {[%clk 0:46:22]} 42. f5
{[%clk 0:58:18]} Kg5 {[%clk 0:46:35]} 43. f6 {[%clk 0:58:36]} Kg6
{[%clk 0:46:58]} 44. Kh4 {[%clk 0:57:59]} Kh6 {[%clk 0:47:12]} 45. f7
{[%clk 0:58:04]} Kh7 {[%clk 0:47:22]} 46. f8=Q {[%clk 0:58:05]} Kg6
{[%clk 0:47:41]} 47. Qf6+ {[%clk 0:58:16]} Kh7 {[%clk 0:48:04]} 48. Kxh5
{[%clk 0:58:30]} Kg8 {[%clk 0:48:01]} 49. Qe7 {[%clk 0:58:47]} Kh8
{[%clk 0:48:23]} 50. Kg6 {[%clk 0:58:57]} Kg8 {[%clk 0:48:28]} 51. Qg7#
{[%clk 0:59:05]} 1-0

[Event "EYCC 2024 - O08"]
[Site "?"]
[Date "2024.08.22"]
[Round "1.9"]
[White "Ni, Wilhelm Zeyin"]
[Black "Ivanov, Vasil A"]
[Result "0-1"]
[BlackElo "1452"]
[WhiteElo "1704"]
[LiveChessVersion "1.4.8"]

1. e4 {[%clk 1:30:52]} e5 {[%clk 1:30:55]} 2. Nf3 {[%clk 1:31:12]} Nc6
{[%clk 1:31:12]} 3. Bc4 {[%clk 1:31:28]} Bc5 {[%clk 1:31:18]} 4. c3
{[%clk 1:31:47]} Nf6 {[%clk 1:31:17]} 5. d4 {[%clk 1:32:06]} exd4
{[%clk 1:30:47]} 6. e5 {[%clk 1:32:26]} Na5 {[%clk 1:23:26]} 7. Bd3
{[%clk 1:22:47]} Ng4 {[%clk 1:21:02]} 8. cxd4 {[%clk 1:20:29]} Bb6
{[%clk 1:20:38]} 9. O-O {[%clk 1:19:10]} O-O {[%clk 1:20:39]} 10. h3
{[%clk 1:19:15]} Nh6 {[%clk 1:13:39]} 11. Qc2 {[%clk 1:17:04]} Kh8
{[%clk 1:05:46]} 12. Bxh6 {[%clk 1:16:43]} gxh6 {[%clk 1:03:55]} 13. Bxh7
{[%clk 1:17:01]} d6 {[%clk 1:03:37]} 14. Bf5 Bxf5 {[%clk 1:00:49]} 15. Qxf5
{[%clk 1:15:05]} Nc6 {[%clk 0:58:57]} 16. d5 {[%clk 1:13:12]} Nd4
{[%clk 0:59:00]} 17. Nxd4 {[%clk 1:13:25]} Bxd4 {[%clk 0:59:08]} 18. Nc3
{[%clk 1:12:51]} Bxe5 {[%clk 0:59:16]} 19. f4 {[%clk 1:10:31]} Bd4+
{[%clk 0:57:50]} 20. Kh1 {[%clk 1:10:49]} Qf6 {[%clk 0:56:55]} 21. Qxf6+
{[%clk 1:07:32]} Bxf6 {[%clk 0:57:01]} 22. Ne4 {[%clk 1:03:37]} Bg7
{[%clk 0:54:04]} 23. Rac1 {[%clk 1:01:30]} Rac8 {[%clk 0:51:50]} 24. f5
{[%clk 0:58:59]} Rfe8 {[%clk 0:52:03]} 25. Rfe1 {[%clk 0:57:43]} Be5
{[%clk 0:44:34]} 26. g3 {[%clk 0:51:58]} b6 {[%clk 0:44:03]} 27. Re2
{[%clk 0:50:25]} 0-1